| 000 | 00918cam a22003015i 4500 | ||
|---|---|---|---|
| 999 |
_c19225 _d19225 |
||
| 001 | 21603324 | ||
| 003 | OSt | ||
| 005 | 20240220140936.0 | ||
| 008 | 200708s2020 inu 000 0 eng | ||
| 010 | _a 2020941824 | ||
| 020 | _a9781119680451 | ||
| 020 | _z9781119680482 | ||
| 020 | _z9781119986645 | ||
| 040 |
_aDLC _beng _erda _cDLC |
||
| 042 | _apcc | ||
| 082 |
_aDC 005.2762 _bL951 2023 |
||
| 100 | 1 |
_aLowe, Doug, _eauthor. _93352 |
|
| 245 | 1 | 0 |
_aJava all-in-one for dummies / _cDoug Lowe. |
| 250 | _a7th edition. | ||
| 260 |
_aHoboken, NJ : _bJohn Wiley & Sons, Inc., _c©2023. |
||
| 300 |
_axix, 890 pages : _billustrations; _c23 cm. |
||
| 500 | _aIncludes index. | ||
| 650 |
_a Java (Computer program language) _945062 |
||
| 650 |
_aJava (Computer language). _952751 |
||
| 906 |
_a0 _bibc _corignew _d2 _eepcn _f20 _gy-gencatlg |
||
| 942 |
_2ddc _cDC |
||